| 000 | 00560nam a2200193 a 4500 | ||
|---|---|---|---|
| 001 | 17969 | ||
| 005 | 20180713211158.0 | ||
| 008 | 140415s1990 xxu 000 0 eng d | ||
| 020 | _a0934035768 | ||
| 041 | _aeng | ||
| 082 |
_a741.58 _bFRE |
||
| 100 | 1 | _aFREIWALD, LEAH | |
| 245 | 1 | 0 |
_aINSIDE AUTODESK ANIMATOR : _bTHE COMPLTE GUIDE TO ANIMATION ON A PC |
| 250 | _a1a ed. | ||
| 260 |
_aESTADOS UNIDOS DE AMERICA : _bNEW RIDERS PUBLISHING, _c1990 |
||
| 300 | _a468 | ||
| 650 | 1 | 4 | _aANIMACION POR COMPUTADORES |
| 700 | 1 |
_aMARRS, LEE _ecoaut. |
|
| 999 |
_c17969 _d17969 |
||